| 000 | 00740nam a2200205 u 4500 | ||
|---|---|---|---|
| 005 | 20231108063718.0 | ||
| 008 | 090619s2008 es r 000 0 spa d | ||
| 020 | _a9788478275304 | ||
| 035 | _aUPN01000171266 | ||
| 049 | _aCG | ||
| 050 | 4 |
_aLB1028.35 _bC6.5 |
|
| 245 | 0 | 0 |
_aCómo valorar la calidad en la enseñanza basada en las TIC : _bpautas e instrumentos de análisis / _ccoord. Elena Barberà. |
| 260 |
_aBarcelona, Esp. : _bGraó, _c2008. |
||
| 300 | _a201 p. | ||
| 440 | 0 |
_aCrítica y fundamentos. _pTecnologías de la información y de la comunicación ; _v19 |
|
| 650 | 4 |
_aTecnología educativa _94978 |
|
| 650 | 2 |
_aTecnología de la información _94816 |
|
| 700 | 1 |
_aBarberà Gregori, Elena, _ecoaut. _933924 |
|
| 905 | _aLibro | ||
| 999 |
_c143371 _d143371 |
||